000 00300nam a22001337a 4500
008 260324b ||||| |||| 00| 0 eng d
020 _a9789951059107
041 _aShqip
080 _a821.111
100 _a25
101 _aroman
245 _aLibri i Xhunglës
_cRudyard Kipling
942 _2udc
_cBK
999 _c60927
_d60927